Statistics for Ace Combat Named Countries

Click here to take the quiz!

General Stats

  • This quiz has been taken 115 times
    (72 since last reset)
  • The average score is 12 of 31

Answer Stats

ContinentCountry% Correct
OseaOsea
98%
Belka
91%
Erusea
80%
VerusaYuktobania
71%
Emmeria
65%
Estovakia
62%
Sapin
62%
Ustio
56%
Leasath
40%
Aurelia
38%
AneaNordennavic
36%
Historic Nations (Usea)Shilage
36%
Ratio
35%
Recta
33%
FATO
29%
Nordlands
29%
Wellow
29%
San Salvacion
27%
Gebet
25%
North Point
25%
Voslage
25%
Verusa
22%
Amber
20%
Sotoa
20%
Wielvakia
20%
Romny
16%
Bulgurdarest
15%
Delarus
15%
UseaFederation of Central Usea
15%
Kaluga
15%
Ugellas
15%

Score Distribution

Percentile by Number Answered

Percent of People with Each Score

Your Score History

You have not taken this quiz since the last reset